The "ever-victorious army," (Record no. 553030)

000 -LEADER
fixed length control field 00433nam a22001211 4500
082 ## - DEWEY DECIMAL CLASSIFICATION NUMBER
Classification number 951
Author Mark WIL
100 1# - MAIN ENTRY--PERSONAL NAME
Personal name Wilson, Andrew,
9 (RLIN) 50307
245 15 - TITLE STATEMENT
Title The "ever-victorious army,"
Remainder of title a history of the Chinese campaign under Lt.-Col. C.G. Gordon ... and of the suppression of the Tai-ping Rebellion.
260 ## - PUBLICATION, DISTRIBUTION, ETC.
Place of publication, distribution, etc. Edinburgh,
Name of publisher, distributor, etc. W. Blackwood,
Date of publication, distribution, etc. 1868.
300 ## - PHYSICAL DESCRIPTION
Extent 395 p.
Other physical details maps.
526 ## - STUDY PROGRAM INFORMATION NOTE
Program name 0
Interest level 0
Reading level 0
Title point value 951_000000000000000_WIL
942 ## - ADDED ENTRY ELEMENTS (KOHA)
Source of classification or shelving scheme
Koha item type Book
Holdings
Withdrawn status Lost status Source of classification or shelving scheme Damaged status Not for loan Permanent Location Current Location Shelving location Date acquired Total Checkouts Full call number Barcode Date last seen Price effective from Koha item type
          Military College of Engineering (MCE) Military College of Engineering (MCE)   01/28/2015   951 WIL MCE-ECE/51 01/28/2015 01/28/2015 Book
© 2023 Central Library, National University of Sciences and Technology. All Rights Reserved.